| 000 | 00585nam a22001937a 4500 | ||
|---|---|---|---|
| 003 | OSt | ||
| 005 | 20180116183032.0 | ||
| 008 | 151222b xxu||||| |||| 00| 0 eng d | ||
| 020 | _a05-389-88-2 | ||
| 024 | _205-389-88-2 | ||
| 040 | _cLahore LUMS | ||
| 082 | _a174.4 LUM 9887 | ||
| 100 | _aSharif H | ||
| 245 | _aTHE LEGAL FRAMEWORK OF LABOUR-MANAGEMENT RELATIONS IN PAKISTAN | ||
| 260 |
_aLahore LUMS _bLahore University of Management Sciences _c1988 |
||
| 300 |
_a19 p. _bPapers |
||
| 440 | _aTHE LEGAL FRAMEWORK OF LABOUR-MANAGEMENT RELATIONS IN PAKISTAN | ||
| 942 |
_2ddc _cCS |
||
| 999 |
_c351054 _d351054 |
||